000 01072nam a2200241Ia 4500
003 OSt
005 20220923213931.0
006 a|||||r|||| 00| 0
007 ta
008 220922b |||||||| |||| 00| 0 hin d
024 _a165,667
037 _cTextual
040 _aARTS
_cARTS
_bhin
041 _2hin
_ahin
082 _aO152:1J32:11, H9-;4 (TTPH)
100 _aगुप्त, माताप्रसाद, संपा.
245 0 _aरामचरितमानस
_b प्राचीन प्रतियों की सहायता से निर्धारित पाठ और पाठातंरयुक्त
246 _aRāmacharitamānasa: prāchīn pratiyoan kī sahāyatā se nirdhārit pāṭh aur pāṭhātanrayukta
260 _aइलाहाबाद
_b हिन्दुस्तानी एकडेमी
_c1949
300 _a569 पृ.
_ccm.
942 _hO152:1J32:11, H9-;4 (TTPH)
_cTEXL
_2CC
999 _c320146
_d320146